000 00199 a2200097 4500
001 11130
100 _aHailey, L.
245 _aIndia New Pattern
260 _a
_bGeorge Allen
_c
090 _c8684
_d8684
942 _aNUST-CAE
_c
_c35471
999 _c246203
_d246203